00493nam a2200109Ia 4500008004100000020001800041100002300059245020400082260004200286300002700328650002800355180901s9999 xx 000 0 und d a9789719804604 aAldaba,Fernando T. cFernando T. Aldaba, Fortunato L. Cristobal, Mario A. G. Lopez, Ronald U. Mendoza, Carmela D. Ortigas, Mary Racelis.--aOvercoming poverty :bmulti-disciplinary perspectives principles and practices / aQuezon City :bC & E Publishingc2016 axv, 184 pages:c26 cm. aPoverty -- Philippines.